[Event "54th Ilmar Raud Memorial"]
[Site "Viljandi"]
[Date "2020.07.07"]
[Round "3.6"]
[White "Shishkov, Andrei"]
[Black "Timoshin, Andrei"]
[Result "1-0"]
[WhiteElo "2390"]
[BlackElo "2132"]
[PlyCount "73"]
[EventDate "2020.??.??"]

1. d4 {[%emt 0:07:45]} d5 {[%emt 0:00:10]} 2. c4 {[%emt 0:00:05]} e6 {[%emt 0:
01:51]} 3. Nc3 {[%emt 0:00:05]} Nf6 {[%emt 0:01:10]} 4. cxd5 {[%emt 0:00:05]}
exd5 {[%emt 0:00:03]} 5. Bg5 {[%emt 0:00:04]} c6 {[%emt 0:00:20]} 6. e3 {
[%emt 0:00:05]} Be7 {[%emt 0:01:57]} 7. Bd3 {[%emt 0:00:15]} O-O {[%emt 0:01:
06]} 8. Qc2 {[%emt 0:00:31]} Nbd7 {[%emt 0:00:55]} 9. Nge2 {[%emt 0:00:12]} (9.
Nf3 Re8 10. h3 (10. O-O-O Nf8 11. Kb1 Ne4 12. Bxe4 Bxg5 13. Bf5 Bf6 14. g4 g6
15. Bxc8 Rxc8 16. h4 Ne6 17. h5 c5 18. hxg6 hxg6 19. Qb3 cxd4 20. Nxd4 Nxd4 21.
exd4 Qd7 22. Nxd5 Bg7 23. Qf3 Rc6 24. Rhe1 Rxe1 25. Rxe1 Re6 26. Rc1 Rc6 27.
Rxc6 bxc6 28. Nc3 Bxd4 29. Ne4 c5 30. Qe2 a5 31. f3 a4 32. a3 Qb7 33. Nd6 Qb3
34. Nc4 Kg7 35. f4 Qb7 36. f5 gxf5 37. gxf5 Kf6 38. Qc2 Qh1+ 39. Ka2 Qc6 40. b3
axb3+ 41. Kxb3 Qf3+ 42. Ka2 Qxf5 43. Qxf5+ {1/2 (43) Morozevich,A (2771)
-Ivanchuk,V (2779) Nice 2009}) 10... Nf8 11. O-O g6 12. Bxf6 Bxf6 13. b4 Ne6
14. Rfd1 a6 15. Bf1 Qd6 16. a3 Bd8 17. e4 dxe4 18. Nxe4 Qf4 19. Re1 Bb6 20. Qc3
Rd8 21. g3 Qh6 22. Rad1 Qg7 23. Nc5 a5 24. Qb3 axb4 25. axb4 Nc7 26. Bc4 Nd5
27. Kg2 Qf6 28. Ne5 Kg7 29. h4 Ra7 30. Rd3 Bf5 31. Rf3 h5 32. Ncd7 Qd6 33. Nxb6
Nxb6 34. Bxf7 Nd5 (34... Qxd4 35. Bxg6 Bxg6 36. Nxg6) 35. Bxd5 (35. Nxg6 Bxg6
36. Bxg6 Qxg6 (36... Kxg6 37. Qc2+ Kg7 38. Re5) 37. Re5 Kh8 38. Rff5) (35. Bxg6
) 35... Qxd5 36. Qxd5 Rxd5 37. Rf4 Ra4 38. f3 Rxb4 39. g4 hxg4 40. fxg4 Rb2+
41. Kg3 Be6 42. Nxg6 Rb3+ 43. Kf2 Rb2+ 44. Kg3 Rb3+ 45. Kf2 Rb2+ 46. Kg1 Rd6
47. Nf8 Bf7 48. Re7 Kxf8 49. Rexf7+ Kg8 50. h5 Re6 51. Rf8+ Kg7 52. R4f7+ Kh6
53. Rf6+ Rxf6 54. Rxf6+ Kg5 55. Rg6+ Kf4 56. h6 (56. g5 Kg3 57. Kf1 Kf3 58.
Rf6+) 56... Kg3 57. Kf1 Kf3 58. Ke1 Ke3 59. Kd1 (59. Re6+ Kf4 60. Re5 Kxg4 61.
Rh5 Kxh5 62. h7) 59... Kd3 60. Kc1 Rc2+ (60... Rh2 61. g5 Kc3 62. Kd1 Kd3 63.
Ke1 Ke3 64. Re6+ Kf4 65. g6 Rxh6 66. Rf6+ Ke3 67. g7) 61. Kb1 Rg2 62. Rg5 Rh2 {
1-0 (62) Karpov,A (2725)-Beliavsky,A (2640) Linares 1991}) 9... Re8 {[%emt 0:
01:03]} 10. O-O {[%emt 0:00:08]} Nf8 {[%emt 0:02:25]} 11. f3 {[%emt 0:00:20]} (
11. a3 g6 12. b4 Ne6 13. Bh4 a6 14. f3 Ng7 15. Bf2 h5 16. h3 Nh7 17. e4 Bh4 18.
Qd2 Bxf2+ 19. Rxf2 h4 20. Bc2 Nh5 21. Nf4 Nxf4 22. Qxf4 Qf6 23. Qd2 Be6 24. e5
Qg7 25. Na4 Nf8 26. Qg5 Qh8 27. f4 f6 28. exf6 Bf7 29. Bxg6 Bxg6 30. f5 Kf7 31.
Nc5 (31. fxg6+ Nxg6 32. Qf5 Rad8 33. Nc5 b6 34. Nb7) 31... Bh5 32. Nxb7 Nd7 33.
Nd6+ Kf8 34. Qxh4 Nxf6 35. g4 (35. Nxe8 Rxe8 36. Rc1 Ne4 37. Rf4 Qxd4+ 38. Kh2)
35... Re7 36. g5 Rd7 37. gxf6 Rxd6 38. Re1 Re8 39. Rxe8+ Kxe8 40. Re2+ Kf8 41.
Re6 Qh6 (41... Rxe6 42. fxe6 Qh6) (41... Qg8+ 42. Kf2 Rxe6 43. fxe6 Qg6 (43...
Qxe6 44. Qxh5 Qxf6+ 45. Qf3) 44. Qf4) 42. Rxd6 Qe3+ (42... Qc1+ 43. Kg2 Qd2+
44. Qf2) 43. Qf2 Qxh3 44. Qf4 {1-0 (44) Kasparov,G (2735)-Beliavsky,A (2585)
Moscow 1987}) 11... Ng6 {[%emt 0:02:44]} (11... g6 12. Bh4 Ne6 13. Kh1 b5 14.
Rac1 (14. Rad1 Bb7 (14... Bd7 15. Bf2 Rc8 16. Qd2 b4 17. Na4 Qa5 18. b3 c5 19.
Nxc5 Nxc5 20. dxc5 Bxc5 21. Rc1 Qb6 22. Nd4 Nh5 23. Rfe1 Nf4 24. Bf1 Ne6 25.
Ne2 Bb5 26. Rcd1 Rcd8 27. Nd4 Bxf1 28. Rxf1 Nxd4 29. exd4 Bf8 30. Rfe1 Bg7 31.
g4 h6 32. Kg2 a5 33. Re2 Rxe2 34. Qxe2 Bf6 35. h4 Rc8 36. Rd2 Kg7 37. Qe3 Qe6
38. g5 hxg5 39. hxg5 Be7 40. Re2 Qxe3 41. Bxe3 Kf8 42. Kg3 Rc3 43. Kg4 Rd3 44.
Bf2 Rd1 45. f4 Rc1 46. f5 gxf5+ 47. Kxf5 Rf1 48. Kg4 Bd6 49. Be3 Rh1 50. Bf2
Rf1 51. Be3 Kg7 52. Rf2 Rxf2 53. Bxf2 Kg6 54. Be3 f5+ 55. gxf6 Kxf6 56. Bg5+
Ke6 57. Bd8 Kd7 58. Bxa5 Ke6 59. Bb6 Kd7 60. Kf5 Kc6 61. Bd8 Kd7 62. Bg5 Bf8
63. Ke5 Kc6 64. Kf4 Bg7 65. Ke3 Kb5 66. Bf4 Bf6 67. Bd6 Bg5+ 68. Kd3 Bc1 69.
Kc2 Ba3 70. Bf4 Kc6 71. Bc1 Kb5 72. Bxa3 bxa3 73. Kc3 Ka5 74. b4+ Ka4 75. b5
Kxb5 76. Kb3 Kb6 77. Kxa3 Ka5 78. Kb3 Kb5 79. a4+ Ka5 80. Ka3 {1-0 (80)
Esipenko,A (2682)-Jumabayev,R (2654) chess.com INT 2020}) 15. Qc1 Rc8 16. e4 b4
17. Na4 Qa5 18. b3 c5 19. Nxc5 Nxc5 20. dxc5 Rxc5 21. Qe3 Qc7 22. Bg3 Bd6 23.
Qd4 Bxg3 24. Nxg3 Qb6 25. e5 Nd7 26. f4 Rc3 27. Qxb6 Nxb6 28. Ne2 Rc5 29. Kg1
Ra5 30. Rd2 Nd7 31. Rc1 Nc5 32. Bb1 Ne4 33. Bxe4 dxe4 34. Rc7 e3 35. Rd3 Rxa2
36. Rxe3 Bd5 37. h4 a5 38. Rc5 Bb7 39. Rc7 Bd5 40. Rc5 Bb7 41. Rc7 Bd5 {
1/2 (41) Mamedyarov,S (2767)-Radjabov,T (2758) Khanty-Mansiysk 2019}) 14... Bb7
15. Nd1 Rc8 16. Qd2 a6 17. b4 Ne4 18. Bxe4 Bxh4 19. Bb1 a5 20. a3 axb4 21. axb4
Qe7 22. f4 Nf8 23. Ng1 Nd7 24. Nf3 Bf6 25. Ne5 Nb6 26. Nb2 Nc4 27. Nbxc4 bxc4
28. e4 Bg7 29. Rce1 Qc7 30. h4 Ba6 31. Rf2 Rb8 32. h5 Qd6 33. Qd1 dxe4 34. Bxe4
Rxb4 35. Nxf7 Kxf7 36. f5 Bf6 37. fxg6+ Kg7 38. gxh7 (38. h6+ Kxh6 (38... Kh8
39. g7+ Kg8 (39... Bxg7 40. hxg7+ Kxg7 41. Qh5) 40. Bd5+) 39. gxh7 Bg5 40. Qf3)
38... Qg3 39. Rf3 (39. h6+ Kh8) 39... Qh4+ 40. Rh3 Rxe4 41. Rf1 (41. Rxh4 Rxh4+
42. Kg1 Bxd4+ 43. Kf1 c3+ 44. Re2 Rh1#) 41... Rb3 42. Rxh4 Rxh4+ 43. Kg1 Bxd4+
44. Rf2 Rb2 {0-1 (44) Mamedyarov,S (2767)-Radjabov,T (2758) Khanty-Mansiysk
2019}) (11... Be6 12. Rae1 Rc8 13. Kh1 N6d7 14. Bxe7 Rxe7 15. Nf4 Rc7 16. Qf2
Nf6 17. e4 dxe4 18. fxe4 Rcd7 19. d5 cxd5 20. Bb5 Rc7 21. exd5 Bd7 (21... Nxd5
22. Rd1) 22. Be2 Rc8 23. Qxa7 b6 24. Qa6 Ne4 25. d6 Nxd6 26. Nfd5 Re5 27. Qxb6
Nf5 28. Qxd8 Rxd8 29. Bd3 Rxe1 30. Rxe1 Ng6 31. a4 Nd4 32. a5 Kf8 33. Bxg6 hxg6
34. Rd1 Ne6 35. Nb6 Bc6 36. Rxd8+ Nxd8 37. b4 Ne6 38. b5 {1-0 (38) Kasparov,G 
(2750)-Andersson,U (2605) Belfort 1988}) 12. Rad1 {[%emt 0:02:00]} Be6 {
[%emt 0:05:25]} (12... h6 13. Bxf6 Bxf6 14. Bxg6 fxg6 15. e4 g5 16. e5 Be7 17.
f4 gxf4 18. Nxf4 Rf8 19. Ng6 Rxf1+ 20. Rxf1 Be6 21. Ne2 Qd7 22. h4 Re8 23. Ng3
Bf7 24. Nxe7+ Rxe7 25. Nf5 Re6 26. Nd6 Bg6 27. Qc3 Rxd6 28. exd6 Qxd6 29. Qa3
Qb8 30. Qe7 Qg3 31. Rf3 (31. Rf8+ Kh7 32. Qd8 Be4 33. Rh8+ Kg6 34. Qe8+ Kf5 35.
Qf7+ Kg4 36. Qxg7+ Kf4 37. Rf8+) 31... Qg4 32. Qf8+ Kh7 33. Qf4 Qd7 34. Rg3 Be4
35. Qe5 Qf7 36. h5 Qd7 37. b4 a6 38. a4 Kg8 39. a5 Kh7 40. Kf2 Kg8 41. Qb8+ Kh7
42. Qf8 Bc2 43. Qf4 Be4 44. Qe5 Kg8 45. Ke3 Kh7 46. Ke2 Kg8 47. Qb8+ Kh7 48.
Qf8 Bc2 49. Kd2 Be4 50. Kc1 Qc7 51. Rg4 Qd7 52. Rf4 Bxg2 53. Qf5+ Qxf5 54. Rxf5
Kg8 55. Kd2 Bh3 56. Rf4 Be6 57. Ke3 Bf7 58. Rf5 Kf8 59. Re5 Be8 60. Kf4 Bf7 61.
Kg4 Be8 62. Kg3 Bf7 63. Kf4 Be8 64. Kf5 Bxh5 65. Ke6 Bg6 66. Re3 Bc2 67. Rf3+
Kg8 68. b5 cxb5 69. Kxd5 b4 70. Kc4 b3 71. Kc3 g5 72. d5 g4 73. Rf4 h5 74. d6 {
1-0 (74) Kasparov,G (2851)-Barua,D (2555) Internet 2000}) 13. a3 {[%emt 0:04:
55]} a5 {[%emt 0:00:01]} (13... Nd7 14. Bxe7 Qxe7 15. e4 (15. b4 a5 16. bxa5
Rxa5 17. a4 Nb6 18. Rb1 Nc8 19. Nc1 Nd6 20. Nb3 Raa8 21. Nc5 Bc8 22. e4 Nf4 23.
e5 (23. Rfe1 Nxd3 24. Qxd3 dxe4 25. fxe4 Qd8) 23... Nxd3 24. exd6 Qe3+ 25. Kh1
Nxc5) 15... dxe4 16. fxe4 Rad8 17. Ng3) 14. Kh1 {[%emt 0:00:40]} Rc8 {[%emt 0:
10:20]} 15. Na4 {[%emt 0:15:51]} Nd7 {[%emt 0:01:34]} 16. Bxe7 {[%emt 0:01:10]}
Qxe7 {[%emt 0:00:14]} 17. Rc1 {[%emt 0:06:51]} Ngf8 {[%emt 0:16:30]} 18. Rfe1 {
[%emt 0:03:54]} Qd8 {[%emt 0:14:27]} (18... b5 19. Nc5 Nxc5 20. dxc5 (20. Qxc5
Qxc5 (20... Bd7) 21. Rxc5 Nd7 22. Rc2 Nb6 23. Rec1 Nc4 (23... Bd7 24. e4 dxe4
25. fxe4 f6) 24. Kg1 Bd7 (24... f5 25. b3 Nxa3 26. Rxc6) 25. e4 dxe4 26. fxe4
Rcd8) 20... a4 21. Nd4 Qf6) 19. Ng3 {[%emt 0:03:34]} f6 {[%emt 0:08:44]} 20.
Qf2 {[%emt 0:02:22]} Bf7 {[%emt 0:01:08]} 21. Bb1 {[%emt 0:01:56]} Qc7 {
[%emt 0:00:58]} 22. Nc3 {[%emt 0:02:35]} g6 {[%emt 0:05:22]} 23. Ba2 {[%emt 0:
02:06]} Qd6 {[%emt 0:03:45]} 24. Rcd1 {[%emt 0:02:16]} Ne6 {[%emt 0:02:38]} 25.
Qd2 {[%emt 0:07:30]} Kg7 {[%emt 0:01:59]} 26. e4 {[%emt 0:07:07]} Nc7 {[%emt 0:
01:21]} 27. f4 {[%emt 0:05:19]} Qf8 {[%emt 0:06:07]} 28. f5 {[%emt 0:08:00]}
dxe4 {[%emt 0:00:52]} 29. Bxf7 {[%emt 0:00:13]} Qxf7 {[%emt 0:00:01]} 30. Ngxe4
{[%emt 0:01:59]} Qf8 {[%emt 0:02:17]} 31. Qf4 {[%emt 0:01:51]} Nb6 {[%emt 0:06:
27]} 32. fxg6 {[%emt 0:02:23]} hxg6 {[%emt 0:01:07]} 33. Nd6 {[%emt 0:01:02]}
Rxe1+ {[%emt 0:00:26]} 34. Rxe1 {[%emt 0:00:01]} Nbd5 {[%emt 0:00:30]} 35. Qg3
{[%emt 0:00:44]} Rb8 {[%emt 0:01:27]} 36. Nce4 {[%emt 0:03:51]} Ne7 {[%emt 0:
00:28]} 37. Nc5 {[%emt 0:00:20]} (37. Nxf6 Qxf6 38. Rxe7+ Qxe7 (38... Kg8 39.
Rf7 Qe6 40. Rxc7 (40. Qh4)) 39. Nf5+) 1-0

[Event "54th Ilmar Raud Memorial"]
[Site "Viljandi"]
[Date "2020.07.08"]
[Round "4.1"]
[White "Laurusas, Tomas"]
[Black "Meshkovs, Nikita"]
[Result "0-1"]
[WhiteElo "2511"]
[BlackElo "2582"]
[PlyCount "158"]
[EventDate "2020.??.??"]

1. d4 {[%emt 0:00:02]} Nf6 {[%emt 0:06:00]} 2. c4 {[%emt 0:00:10]} e6 {[%emt 0:
00:24]} 3. Nf3 {[%emt 0:00:10]} a6 {[%emt 0:00:13]} 4. Nc3 {[%emt 0:03:25]} d5
{[%emt 0:00:49]} 5. cxd5 {[%emt 0:00:59]} exd5 {[%emt 0:00:03]} 6. Bg5 {
[%emt 0:00:16]} Be6 {[%emt 0:00:11]} 7. e3 {[%emt 0:03:54]} Nbd7 {[%emt 0:00:
16]} 8. Bd3 {[%emt 0:00:14]} Bd6 {[%emt 0:00:12]} 9. O-O {[%emt 0:00:12]} O-O {
[%emt 0:03:57]} 10. Qc2 {[%emt 0:09:29]} h6 {[%emt 0:00:43]} 11. Bh4 {[%emt 0:
01:00]} Rc8 {[%emt 0:01:44]} 12. Rfd1 {[%emt 0:02:45]} c5 {[%emt 0:02:40]} 13.
dxc5 {[%emt 0:02:53]} Nxc5 {[%emt 0:00:55]} 14. Qe2 {[%emt 0:07:14]} b5 {
[%emt 0:11:37]} 15. a3 {[%emt 0:09:43]} Re8 {[%emt 0:04:25]} 16. Bc2 {[%emt 0:
03:37]} g5 {[%emt 0:04:47]} 17. Bg3 {[%emt 0:00:14]} Bxg3 {[%emt 0:00:30]} 18.
hxg3 {[%emt 0:00:11]} Qb6 {[%emt 0:01:07]} 19. Rd4 {[%emt 0:00:41]} Qb7 {
[%emt 0:07:12]} 20. Nd2 {[%emt 0:11:38]} Kg7 {[%emt 0:02:34]} 21. Rd1 {[%emt 0:
05:17]} Ncd7 {[%emt 0:05:19]} 22. Nf3 {[%emt 0:07:17]} Nb6 {[%emt 0:01:27]} 23.
Bd3 {[%emt 0:02:22]} Nc4 {[%emt 0:00:38]} 24. Qc2 {[%emt 0:01:39]} a5 {[%emt 0:
03:40]} 25. Qb1 {[%emt 0:00:07]} Nxa3 {[%emt 0:03:39]} 26. bxa3 {[%emt 0:01:28]
} Rxc3 {[%emt 0:00:03]} 27. Bxb5 {[%emt 0:02:28]} Rec8 {[%emt 0:01:02]} 28. a4
{[%emt 0:00:41]} Qe7 {[%emt 0:01:40]} 29. Qa1 {[%emt 0:05:34]} Qa3 {[%emt 0:00:
37]} 30. R4d3 {[%emt 0:00:45]} Rxd3 {[%emt 0:03:15]} 31. Bxd3 {[%emt 0:00:08]}
Rc3 {[%emt 0:00:23]} 32. Bb5 {[%emt 0:02:56]} Bg4 {[%emt 0:02:25]} 33. Qxa3 {
[%emt 0:03:29]} Rxa3 {[%emt 0:00:02]} 34. Rc1 {[%emt 0:03:33]} Ne4 {[%emt 0:00:
41]} 35. Nd4 {[%emt 0:01:04]} Nc3 {[%emt 0:01:04]} 36. f3 {[%emt 0:01:23]} Be6
{[%emt 0:00:02]} 37. Nc2 {[%emt 0:01:47]} Nxb5 {[%emt 0:03:40]} 38. axb5 {
[%emt 0:01:43]} Rc3 {[%emt 0:00:01]} 39. b6 {[%emt 0:01:19]} Bc8 {[%emt 0:01:
58]} 40. Kf2 {[%emt 0:01:10]} Rc6 {[%emt 0:01:12]} 41. Ke1 {[%emt 0:01:49]} a4
{[%emt 0:04:31]} 42. Kd2 {[%emt 0:02:22]} Rxb6 {[%emt 0:00:14]} 43. Nd4 {
[%emt 0:00:05]} Rb8 {[%emt 0:06:23]} 44. Rc7 {[%emt 0:01:23]} a3 {[%emt 0:00:
02]} 45. Nc2 {[%emt 0:06:06]} Ba6 {[%emt 0:13:24]} 46. Nxa3 {[%emt 0:00:26]}
Bf1 {[%emt 0:00:03]} 47. Nc2 {[%emt 0:00:13]} Bxg2 {[%emt 0:00:08]} 48. Nd4 {
[%emt 0:00:04]} Rb2+ {[%emt 0:00:32]} 49. Ke1 {[%emt 0:06:37]} h5 {[%emt 0:05:
01]} 50. Rd7 {[%emt 0:01:38]} Kg6 {[%emt 0:00:36]} 51. Rxd5 {[%emt 0:00:25]} h4
{[%emt 0:00:26]} 52. gxh4 {[%emt 0:00:19]} gxh4 {[%emt 0:00:02]} 53. Rd8 {
[%emt 0:00:15]} h3 {[%emt 0:04:23]} 54. Rh8 {[%emt 0:00:01]} Kg5 {[%emt 0:00:
18]} 55. Rg8+ {[%emt 0:01:27]} Kf6 {[%emt 0:00:50]} 56. Rh8 {[%emt 0:00:07]}
Ra2 {[%emt 0:00:01]} 57. Rh5 {[%emt 0:00:24]} Ke7 {[%emt 0:01:33]} 58. Rh6 {
[%emt 0:00:29]} Kd7 {[%emt 0:00:14]} 59. Kd1 {[%emt 0:01:57]} f6 {[%emt 0:03:
21]} 60. Ke1 {[%emt 0:00:03]} Ke7 {[%emt 0:00:04]} 61. Rh5 {[%emt 0:00:32]} Kd6
{[%emt 0:00:07]} 62. Nb5+ {[%emt 0:00:27]} Ke6 {[%emt 0:00:36]} 63. Nd4+ {
[%emt 0:00:34]} Kf7 {[%emt 0:00:02]} 64. Rh6 {[%emt 0:00:11]} Rb2 {[%emt 0:01:
04]} 65. Kd1 {[%emt 0:00:54]} Ke7 {[%emt 0:00:03]} 66. Ke1 {[%emt 0:00:11]} Kd7
{[%emt 0:00:51]} 67. Rh5 {[%emt 0:00:06]} Kd6 {[%emt 0:00:21]} 68. e4 {[%emt 0:
03:22]} Ra2 {[%emt 0:00:44]} 69. f4 {[%emt 0:00:48]} Ra4 {[%emt 0:03:26]} 70.
e5+ {[%emt 0:00:07]} Kc5 {[%emt 0:03:19]} 71. Nf5 {[%emt 0:00:45]} Re4+ {
[%emt 0:00:29]} 72. Kd2 {[%emt 0:00:32]} fxe5 {[%emt 0:00:21]} 73. fxe5 {
[%emt 0:01:22]} Rxe5 {[%emt 0:00:15]} 74. Ng3 {[%emt 0:00:08]} Rxh5 {[%emt 0:
01:05]} 75. Nxh5 h2 {[%emt 0:01:22]} 76. Ng3 {[%emt 0:00:04]} Kd4 {[%emt 0:00:
22]} 77. Ke2 {[%emt 0:00:24]} Ke5 {[%emt 0:00:30]} 78. Kf2 {[%emt 0:01:02]} Bc6
{[%emt 0:00:16]} 79. Nh1 {[%emt 0:00:24]} Kf4 {[%emt 0:00:13]} 0-1

[Event "54th Ilmar Raud Memorial"]
[Site "Viljandi"]
[Date "2020.07.08"]
[Round "4.2"]
[White "Neiksans, Arturs"]
[Black "Sepp, Olav"]
[Result "1-0"]
[WhiteElo "2557"]
[BlackElo "2410"]
[PlyCount "65"]
[EventDate "2020.??.??"]

1. d4 {[%emt 0:00:02]} Nf6 {[%emt 0:00:09]} 2. c4 {[%emt 0:00:08]} g6 {[%emt 0:
00:26]} 3. Nf3 {[%emt 0:00:11]} Bg7 {[%emt 0:00:07]} 4. g3 {[%emt 0:00:15]} O-O
{[%emt 0:02:16]} 5. Bg2 {[%emt 0:00:04]} c6 {[%emt 0:00:29]} 6. O-O {[%emt 0:
00:13]} d5 {[%emt 0:00:05]} 7. b3 {[%emt 0:03:21]} dxc4 {[%emt 0:00:17]} 8.
bxc4 {[%emt 0:00:04]} c5 {[%emt 0:00:05]} 9. Bb2 {[%emt 0:00:03]} cxd4 {
[%emt 0:01:07]} 10. Nxd4 {[%emt 0:00:05]} Qb6 {[%emt 0:00:05]} 11. Qc1 {
[%emt 0:00:18]} Bd7 {[%emt 0:00:06]} 12. Nd2 {[%emt 0:05:42]} Nc6 {[%emt 0:01:
39]} 13. e3 {[%emt 0:06:36]} Rac8 {[%emt 0:01:43]} 14. Bc3 {[%emt 0:13:00]} Qc7
{[%emt 0:25:04]} 15. Qa3 {[%emt 0:04:30]} Rfd8 {[%emt 0:05:46]} 16. Rab1 {
[%emt 0:05:58]} Be8 {[%emt 0:17:40]} 17. Rfc1 {[%emt 0:13:35]} Nxd4 {[%emt 0:
09:23]} 18. Bxd4 {[%emt 0:11:16]} Bc6 {[%emt 0:11:59]} 19. Bxc6 {[%emt 0:06:28]
} bxc6 {[%emt 0:01:58]} 20. Qa6 {[%emt 0:09:27]} Ng4 {[%emt 0:07:34]} 21. Nf3 {
[%emt 0:08:05]} e5 {[%emt 0:00:47]} 22. Bxa7 {[%emt 0:01:07]} Ra8 {[%emt 0:03:
25]} 23. Rb7 {[%emt 0:00:51]} Qd6 {[%emt 0:01:52]} 24. c5 {[%emt 0:01:58]} Qd5
{[%emt 0:00:39]} 25. Qe2 {[%emt 0:00:58]} e4 {[%emt 0:00:43]} 26. Ne1 {[%emt 0:
02:51]} Ne5 {[%emt 0:04:06]} 27. a4 {[%emt 0:00:38]} h5 {[%emt 0:01:40]} 28.
Bb6 {[%emt 0:01:45]} Nd3 {[%emt 0:01:21]} 29. Nxd3 {[%emt 0:01:46]} exd3 {
[%emt 0:00:05]} 30. Qd2 {[%emt 0:00:04]} Rxa4 {[%emt 0:02:03]} 31. Bxd8 {
[%emt 0:00:05]} Ra2 {[%emt 0:00:05]} 32. e4 {[%emt 0:00:47]} Rxd2 {[%emt 0:01:
00]} 33. exd5 {[%emt 0:00:06]} 1-0

[Event "54th Ilmar Raud Memorial"]
[Site "Viljandi"]
[Date "2020.07.08"]
[Round "4.3"]
[White "Shishkov, Andrei"]
[Black "Külaots, Kaido"]
[Result "1/2-1/2"]
[WhiteElo "2390"]
[BlackElo "2524"]
[PlyCount "80"]
[EventDate "2020.??.??"]

1. d4 Nf6 {[%emt 0:00:25]} 2. c4 {[%emt 0:00:03]} g6 {[%emt 0:00:15]} 3. f3 {
[%emt 0:00:09]} Nc6 {[%emt 0:01:04]} 4. d5 {[%emt 0:00:17]} Ne5 {[%emt 0:00:27]
} 5. e4 {[%emt 0:00:06]} d6 {[%emt 0:01:17]} 6. Nc3 {[%emt 0:00:33]} Bg7 {
[%emt 0:00:23]} 7. f4 {[%emt 0:00:36]} Ned7 {[%emt 0:00:14]} 8. Nh3 {[%emt 0:
00:18]} O-O {[%emt 0:01:01]} 9. Be2 {[%emt 0:01:46]} e6 {[%emt 0:10:13]} 10.
O-O {[%emt 0:06:13]} Nc5 {[%emt 0:08:25]} 11. Nf2 {[%emt 0:02:41]} Re8 {
[%emt 0:02:05]} 12. Bf3 {[%emt 0:03:23]} e5 {[%emt 0:04:35]} 13. g3 {[%emt 0:
11:42]} exf4 {[%emt 0:08:34]} 14. gxf4 {[%emt 0:00:08]} Nfd7 {[%emt 0:00:23]}
15. Be3 {[%emt 0:22:37]} f5 {[%emt 0:12:22]} 16. Bd4 {[%emt 0:00:44]} Bxd4 {
[%emt 0:16:50]} 17. Qxd4 {[%emt 0:00:07]} Qf6 {[%emt 0:00:07]} 18. Qxf6 {
[%emt 0:09:52]} Nxf6 {[%emt 0:00:06]} 19. Rae1 {[%emt 0:00:33]} fxe4 {[%emt 0:
02:51]} 20. Nfxe4 {[%emt 0:00:15]} Nfxe4 {[%emt 0:00:58]} 21. Nxe4 {[%emt 0:01:
02]} Nxe4 {[%emt 0:00:07]} 22. Bxe4 {[%emt 0:01:52]} Bd7 {[%emt 0:00:42]} 23.
Kf2 {[%emt 0:02:14]} Kf7 {[%emt 0:01:38]} 24. Re3 {[%emt 0:02:29]} Kf6 {
[%emt 0:01:04]} 25. Rfe1 {[%emt 0:01:44]} a5 {[%emt 0:01:51]} 26. Bd3 {[%emt 0:
05:20]} Rxe3 {[%emt 0:00:52]} 27. Rxe3 {[%emt 0:00:04]} a4 {[%emt 0:11:34]} 28.
Ke2 {[%emt 0:08:57]} a3 {[%emt 0:01:15]} 29. b3 {[%emt 0:03:41]} Re8 {[%emt 0:
00:51]} 30. Rxe8 {[%emt 0:01:07]} Bxe8 {[%emt 0:00:05]} 31. Ke3 {[%emt 0:10:17]
} Bd7 {[%emt 0:01:35]} 32. Be4 {[%emt 0:01:09]} Bg4 {[%emt 0:02:13]} 33. Bc2 {
[%emt 0:00:12]} Bh3 {[%emt 0:02:33]} 34. Bd3 {[%emt 0:00:10]} h6 {[%emt 0:00:
52]} 35. Kf3 {[%emt 0:00:51]} g5 {[%emt 0:00:24]} 36. Kg3 {[%emt 0:02:33]} Bf5
{[%emt 0:04:36]} 37. fxg5+ {[%emt 0:00:05]} Kxg5 {[%emt 0:00:23]} 38. Bxf5 {
[%emt 0:00:34]} Kxf5 {[%emt 0:00:02]} 39. Kf3 {[%emt 0:00:39]} Ke5 {[%emt 0:00:
35]} 40. Ke3 {[%emt 0:01:33]} b5 {[%emt 0:20:43] Ke4+} 1/2-1/2

[Event "54th Ilmar Raud Memorial"]
[Site "Viljandi"]
[Date "2020.07.08"]
[Round "4.4"]
[White "Seeman, Tarvo"]
[Black "Nyysti, Sampsa"]
[Result "0-1"]
[WhiteElo "2415"]
[BlackElo "2338"]
[PlyCount "77"]
[EventDate "2020.??.??"]

1. Nf3 {[%emt 0:00:02]} Nf6 {[%emt 0:02:48]} 2. c4 {[%emt 0:00:12]} b6 {
[%emt 0:02:05]} 3. g3 {[%emt 0:00:17]} c5 {[%emt 0:00:16]} 4. Bg2 {[%emt 0:00:
16]} Bb7 {[%emt 0:00:03]} 5. O-O {[%emt 0:00:20]} e6 {[%emt 0:00:05]} 6. Nc3 {
[%emt 0:01:56]} d6 {[%emt 0:00:23]} 7. d4 {[%emt 0:02:01]} cxd4 {[%emt 0:00:05]
} 8. Qxd4 {[%emt 0:00:06]} Be7 {[%emt 0:00:25]} 9. Bg5 {[%emt 0:00:36]} O-O {
[%emt 0:00:46]} 10. Rfd1 {[%emt 0:08:29]} h6 {[%emt 0:00:18]} 11. Bxf6 {
[%emt 0:02:29]} Bxf6 {[%emt 0:00:02]} 12. Qf4 {[%emt 0:05:05]} Na6 {[%emt 0:01:
03]} 13. Rxd6 {[%emt 0:03:11]} Qe7 {[%emt 0:02:31]} 14. Rad1 {[%emt 0:02:12]}
Rfd8 {[%emt 0:03:23]} 15. Rxd8+ {[%emt 0:14:59]} Rxd8 {[%emt 0:01:09]} 16.
Rxd8+ {[%emt 0:01:26]} Qxd8 {[%emt 0:00:01]} 17. Ne5 {[%emt 0:01:31]} g5 {
[%emt 0:22:17]} 18. Qe3 {[%emt 0:00:44]} Bxg2 {[%emt 0:00:12]} 19. Kxg2 {
[%emt 0:00:08]} Qc7 {[%emt 0:00:41]} 20. f4 {[%emt 0:17:44]} gxf4 {[%emt 0:02:
39]} 21. gxf4 {[%emt 0:01:29]} Bxe5 {[%emt 0:00:29]} 22. fxe5 {[%emt 0:03:55]}
Qxc4 {[%emt 0:00:29]} 23. Qxh6 {[%emt 0:01:27]} Qg4+ {[%emt 0:01:33]} 24. Kf2 {
[%emt 0:00:15]} Qf5+ {[%emt 0:00:53]} 25. Kg3 {[%emt 0:01:01]} Qxe5+ {[%emt 0:
06:46]} 26. Qf4 {[%emt 0:00:10]} Qg7+ {[%emt 0:03:29]} 27. Qg4 {[%emt 0:06:26]}
f5 {[%emt 0:00:21]} 28. Qxg7+ {[%emt 0:00:28]} Kxg7 {[%emt 0:00:02]} 29. Nb5 {
[%emt 0:03:03]} Nb4 {[%emt 0:02:01]} 30. Nxa7 {[%emt 0:09:23]} Nxa2 {[%emt 0:
00:03]} 31. Nc8 {[%emt 0:04:29]} b5 {[%emt 0:00:14]} 32. Na7 {[%emt 0:00:16]}
b4 {[%emt 0:01:42]} 33. Nc6 {[%emt 0:00:12]} Nc3 {[%emt 0:15:33]} 34. bxc3 {
[%emt 0:00:54]} b3 {[%emt 0:00:22]} 35. Nd4 {[%emt 0:01:29]} b2 {[%emt 0:00:04]
} 36. Nxe6+ {[%emt 0:00:23]} Kf6 {[%emt 0:00:07]} 37. Nf4 {[%emt 0:06:53]} b1=Q
{[%emt 0:00:07]} 38. h3 {[%emt 0:02:28]} Ke5 {[%emt 0:01:54]} 39. Nd3+ {
[%emt 0:01:10] Qb6} 0-1